Meilleur buteur de la Ligue 1 par saisons. (2002 - ...) - Statistiques

Statistiques générales
  • Ce quiz a été pris 4 616 fois
    87 depuis la dernière actualisation
  • Le résultat moyen est 11 sur 14
Statistiques - réponses
Joueur % Correct
5 Kylian Mbappé
100%
2 Edinson Cavani
99%
1 Ousmane Dembélé
99%
3 Zlatan Ibrahimović
98%
1 Alexandre Lacazette
95%
1 Olivier Giroud
93%
2 Pedro Miguel Pauleta
89%
1 Karim Benzema
86%
1 Djibril Cissé
76%
1 Mamadou Niang
74%
1 André-Pierre Gignac
73%
1 Moussa Sow
65%
1 Alexander Frei
59%
1 Shabani Nonda
38%
Aucun quiz correspondant
Distribution des résultats
% des personnes avec chaque résultat
Percentile par nombre de réponses
Votre historique - résultats
Vous n’avez pas pris ce quiz depuis la dernière actualisation